| 000 | 01049nam a2200205Ia 4500 | ||
|---|---|---|---|
| 001 | a1391-34515 | ||
| 003 | IT-MiCISF | ||
| 008 | 161014s9999||||xx |||||||||||||| ||und|| | ||
| 040 |
_aIT-MiCISF _cIT-MiCISF |
||
| 041 | _ait | ||
| 100 | _aCarlotti Paolo | ||
| 245 | 0 | _aQuestioni di bioetica | |
| 250 | _a1a ed. | ||
| 260 |
_a Roma _bLas _c2001 |
||
| 300 | _app. 160 | ||
| 500 | _a / bioetica, procreazione-artificiale, clonazione, contraccezione / L'avanzamento della ricerca biomedica ha messo a disposizione una serie di nuovi strumenti e pratiche riguardanti la nascita, la morte, la cura. I saggi contenuti in questo volume rielaborano alcune delle lezioni tenute da studiosi provenienti da tutta Italia al Corso di perfezionamento in bioetica dell'Università La Sapienza, che spaziano dai problemi riguardanti i settori più avanzati della ricerca scientifica a quelli più quotidiani, con i quali ci confrontiamo sempre più frequentemente. | ||
| 650 |
_a Temi di bioetica / bioetica _e011 |
||
| 942 | _cBK | ||
| 957 | _71 | ||
| 999 |
_a34515 _bsi _g1 _c217847 _d217847 |
||